Газопылевая атмосфера космических аппаратов и электронные средства ее контроля (Запись № 10824975)

Подробности
000 -МАРКЕР
контрольное поле 02096nam0a2200289 i 4500
001 - ИДЕНТИФИКАТОР ЗАПИСИ
контрольное поле RU\NLR\BIBL_A\011272413
005 - ИДЕНТИФИКАТОР ВЕРСИИ
контрольное поле 20241114181259.0
010 ## - МЕЖДУНАРОДНЫЙ СТАНДАРТНЫЙ НОМЕР КНИГИ (ISBN)
Номер (ISBN) 9785788310725
Тираж 100
021 ## - НОМЕР ГОСУДАРСТВЕННОЙ РЕГИСТРАЦИИ
Код страны Российская Федерация
Номер 2016-83560
Номер Листа государственной регистраци 5464
035 ## - ДРУГИЕ СИСТЕМНЫЕ НОМЕРА
Идентификатор записи (NLR Aleph) 011272413
100 ## - ДАННЫЕ ОБЩЕЙ ОБРАБОТКИ
Данные общей обработки 20161115d2016 um y0rusy50 ca
101 0# - ЯЗЫК РЕСУРСА
Язык текста, звукозаписи и т.д. русский
102 ## - СТРАНА ПУБЛИКАЦИИ ИЛИ ПРОИЗВОДСТВА
Страна публикации Российская Федерация
105 ## - ПОЛЕ КОДИРОВАННЫХ ДАННЫХ: ТЕКСТОВЫЕ МАТЕРИАЛЫ, МОНОГРАФИЧЕСКИЕ
Кодированные данные о монографическом текстовом документе a|||j|||000zy
200 1# - ЗАГЛАВИЕ И СВЕДЕНИЯ ОБ ОТВЕТСТВЕННОСТИ
Основное заглавие Газопылевая атмосфера космических аппаратов и электронные средства ее контроля
Сведения, относящиеся к заглавию учебное пособие для студентов, обучающихся по программам высшего образования укрупненной группы направлений и специальностей 24.00.00 Авиационноя и ракетно-космическая техника
Первые сведения об ответственности Н.Д. Семкин
Последующие сведения об ответственности М-во образования и науки Рос. Федерации, Федер. гос. автоном. образоват. учреждение высш. образования "Самар. нац. исслед. ун-т им. акад. С. П. Королева" (Самар. ун-т)
210 ## - ПУБЛИКАЦИЯ, РАСПРОСТРАНЕНИЕ И ДР.
Место издания, распространения и т.д. Самара
Имя издателя, распространителя и т. д. Изд-во Самарского университета
Дата издания, распространения и т.д. 2016
215 ## - ФИЗИЧЕСКАЯ ХАРАКТЕРИСТИКА
Специфическое обозначение материала и объем 251 с.
Другие сведения о физической характеристике ил.
Размеры 21
320 ## - ПРИМЕЧАНИЯ О НАЛИЧИИ В ДОКУМЕНТЕ БИБЛИОГРАФИИ / УКАЗАТЕЛЯ
Текст примечания Библиогр.: с. 234-251 (200 назв.)
606 1# - НАИМЕНОВАНИЕ ТЕМЫ КАК ПРЕДМЕТ
Наименование темы Космические летательные аппараты
Формальный подзаголовок Учебные издания для высших учебных заведений
Тематический подзаголовок Внешняя атмосфера
-- Контроль
-- Математические исследования
Системный номер авторитетной/нормативной записи 2174536
Идентификатор авторитетной/нормативной записи RU\NLR\AUTH\6601544171
606 ## - НАИМЕНОВАНИЕ ТЕМЫ КАК ПРЕДМЕТ
Наименование темы Газоанализаторы
Формальный подзаголовок Учебные издания для высших учебных заведений
Тематический подзаголовок Измерительные преобразователи
Системный номер авторитетной/нормативной записи 2150462
Идентификатор авторитетной/нормативной записи RU\NLR\AUTH\661295117
686 1# - ИНДЕКСЫ ДРУГИХ КЛАССИФИКАЦИЙ
Индекс О62-01с11я73-1
700 #1 - ИМЯ ЛИЦА - ПЕРВИЧНАЯ ОТВЕТСТВЕННОСТЬ
Начальный элемент ввода Семкин
Часть имени, кроме начального элемента ввода Н. Д.
Расширение инициалов личного имени Николай Данилович
942 ## - ДОПОЛНИТЕЛЬНЫЕ ЭЛЕМЕНТЫ ЗАПИСИ (АБИС)
Тип экземпляра АБИС Книга
980 ## - КОЛЛЕКЦИЯ
Название коллекции НБР

Нет доступных экземпляров.